Coding with AI For Dummies /

Guardat en:
Dades bibliogràfiques
Autor principal: Minnick, Chris (autor)
Format: Llibre
Idioma:anglès
Publicat: Hoboken, EUA : Wiley, 2024, c2024
Accés en línia:Ver documento en línea
Etiquetes: Afegir etiqueta
Sense etiquetes, Sigues el primer a etiquetar aquest registre!

MARC

LEADER 00000nam^a22000000a04500
001 000630875
005 20260416000000.0
009 20260416135713.848
020 |a 9781394249152 
037 |a Acervo ITESO - Biblioteca 
041 |a ING 
082 |a Libro en línea 
100 |a Minnick, Chris  |e (autor) 
245 1 0 |a Coding with AI For Dummies / 
264 4 |a Hoboken, EUA :  |b Wiley,  |c 2024, c2024 
264 2 |a Hoboken, EUA :  |b Wiley [distribución],  |c 2025 
300 |a 1 libro electrónico en línea ( p.) 
300 |a 1 recurso en línea 
336 |a datos para computadora  |b cod  |2 rdacontenido 
337 |a computadora  |b c  |2 rdamedio 
338 |a recurso en línea  |b cr  |2 rdasoporte 
506 0 |a Licencias ilimitadas 
521 |a Wiley 2026 EEnlace Departamento de Electrónica, Sistemas e Informática 
567 |a Catalogación rápida 
649 |a XX 
856 4 0 |u https://ezproxy.iteso.mx/login?qurl=https%3A%2F%2Fieeexplore.ieee.org%2Fservlet%2Fopac%3Fbknumber%3D10950172  |y Ver documento en línea 
910 |a Fondo General 
920 |a Electrónicos - Libros en Línea 
930 |a Plataforma Digital 
905 |a 205 
902 |a https://opac.biblio.iteso.mx/vufind/Record/000630875